Cargando...
Guidance and counseling in College and Universities
| Autor principal: | |
|---|---|
| Publicado: |
New Delhi, Sterling Publishing
1984
|
| Materias: |
| LEADER | 004870000a22001570004500 | ||
|---|---|---|---|
| 020 | |a 81-207-1013-4 | ||
| 082 | |a 371.4 M4 | ||
| 100 | |a Kochhar, S K | ||
| 245 | |a Guidance and counseling in College and Universities | ||
| 260 | |a New Delhi, Sterling Publishing | ||
| 260 | |c 1984 | ||
| 650 | |a Counselling | ||
| 650 | |a Guidance | ||
| 650 | |a Universities | ||
| 999 | |c 89191 |d 89191 | ||
| 952 | |0 0 |1 0 |4 0 |6 371_400000000000000_M4 |7 0 |9 81525 |a SBES |b SBES |d 2016-08-12 |l 0 |o 371.4 M4 |p SBES00196 |r 2016-08-12 |w 2016-08-12 | ||